[Event "Titled Tuesday intern op 25th Feb Early"]
[Site "Chess.com INT"]
[Date "2025.02.25"]
[Round "5"]
[White "Yeremyan, Alen"]
[Black "Hoffmann, Asa"]
[Result "1-0"]
[WhiteElo "2215"]
[BlackElo "2178"]
[PlyCount "67"]
[EventDate "2025.02.25"]
[EventType "swiss (blitz)"]
[EventRounds "11"]
[EventCountry "USA"]
[SourceTitle "CB10_2025"]
[SourceDate "2025.03.05"]
[SourceVersion "1"]
[SourceVersionDate "2025.03.05"]
[SourceQuality "1"]

1. e4 d6 2. Nc3 c6 3. f4 g6 4. Nf3 Bg7 5. g3 d5 6. e5 h5 7. Bg2 Nh6 8. 0-0 Nf5 9. Ne2 b6 10. h3 Ba6 11. d3 Nd7 12. Qe1 e6 13. Bd2 c5 14. b3 Qc7 15. c4 Bb7 16. Kh2 f6 17. Nc3 d4 18. exf6 Bxf6 19. Ne4 Be7 20. Neg5 Nf8 21. Nxe6 Nxe6 22. Qxe6 Qd6 23. Qxd6 Bxd6 24. Rae1+ Kd7 25. Ne5+ Bxe5 26. Bxb7 Rab8 27. Bd5 Bd6 28. Be6+ Kc7 29. Bf7 h4 30. g4 Ng3 31. Rf2 g5 32. Kg2 Rhf8 33. fxg5 Rbd8 34. g6 1-0

[Event "Titled Tuesday intern op 25th Feb Early"]
[Site "Chess.com INT"]
[Date "2025.02.25"]
[Round "6"]
[White "Yeremyan, Alen"]
[Black "Simpson, Michael"]
[Result "1-0"]
[WhiteElo "2215"]
[BlackElo "2138"]
[PlyCount "43"]
[EventDate "2025.02.25"]
[EventType "swiss (blitz)"]
[EventRounds "11"]
[EventCountry "USA"]
[SourceTitle "CB10_2025"]
[SourceDate "2025.03.05"]
[SourceVersion "1"]
[SourceVersionDate "2025.03.05"]
[SourceQuality "1"]

1. e4 e5 2. Nf3 Nc6 3. Bc4 Nf6 4. 0-0 Nxe4 5. d4 exd4 6. Re1 d5 7. Bxd5 Qxd5 8. Nc3 Qd7 9. Nxe4 Be7 10. c3 dxc3 11. Qb3 0-0 12. Nxc3 b6 13. Nd5 Bd6 14. Bh6 Qg4 15. Qc3 Bb7 16. Ng5 Bxh2+ 17. Kh1 Be5 18. Rxe5 Nxe5 19. Bxg7 Bxd5 20. f3 Qh4+ 21. Nh3 Bxf3 22. Kg1 1-0

[Event "Yerevan op-A 6th"]
[Site "Yerevan"]
[Date "2024.12.06"]
[Round "2"]
[White "Sivuk, Vitaly"]
[Black "Yeremyan, Alen"]
[Result "1-0"]
[WhiteElo "2514"]
[BlackElo "2240"]
[PlyCount "87"]
[EventDate "2024.12.05"]
[EventType "swiss"]
[EventRounds "9"]
[EventCountry "ARM"]
[SourceTitle "CB51_2024"]
[SourceDate "2024.12.18"]
[SourceVersion "1"]
[SourceVersionDate "2024.12.18"]
[SourceQuality "1"]

1. d4 Nf6 2. c4 g6 3. Nc3 d5 4. cxd5 Nxd5 5. e4 Nxc3 6. bxc3 Bg7 7. Nf3 c5 8. Be3 0-0 9. Be2 b6 10. Rc1 Qc7 11. h4 Bg4 12. Ng5 Bxe2 13. Qxe2 h6 14. Nh3 e5 15. h5 exd4 16. cxd4 Qe7 17. dxc5 Qxe4 18. 0-0 bxc5 19. Rxc5 Nd7 20. Rc7 Ne5 21. hxg6 Nxg6 22. Rfc1 a5 23. R7c4 Qf5 24. Rc5 Qe4 25. Qh5 Qh4 26. Qf5 Rfe8 27. Rxa5 Rxa5 28. Qxa5 Qe4 29. Qb5 Ra8 30. Rc4 Qe5 31. Qb1 Rb8 32. Qc1 Qf5 33. Qc2 Rb1+ 34. Kh2 Qe5+ 35. f4 Qa1 36. Rc8+ Kh7 37. Bc1 Bb2 38. Qc4 Bxc1 39. Qxf7+ Qg7 40. Qf5 Rb2 41. Rxc1 Rxa2 42. Rc6 Ra7 43. Qh5 Ra2 44. Ng5+ 1-0

[Event "Titled Tuesday intern op 24th Sep Early"]
[Site "Chess.com INT"]
[Date "2024.09.24"]
[Round "3"]
[White "Korol, Dimitry"]
[Black "Yeremyan, Alen"]
[Result "0-1"]
[WhiteElo "2287"]
[BlackElo "2268"]
[PlyCount "72"]
[EventDate "2024.09.24"]
[EventType "swiss (blitz)"]
[EventRounds "11"]
[EventCountry "USA"]
[SourceTitle "EXT 2025"]
[Source "ChessBase"]
[SourceDate "2024.10.14"]
[SourceVersion "1"]
[SourceVersionDate "2024.10.14"]
[SourceQuality "1"]

1. d4 Nf6 2. c4 e6 3. Nc3 d5 4. Bg5 Be7 5. cxd5 exd5 6. e3 0-0 7. Bd3 c6 8. Qc2 Nbd7 9. Nge2 Re8 10. f3 Nf8 11. 0-0 Ng6 12. Rad1 Be6 13. e4 dxe4 14. fxe4 Ng4 15. Bxe7 Qxe7 16. Qd2 Rad8 17. h3 Nf6 18. e5 Nd5 19. Ne4 Qh4 20. Rf3 b6 21. Rdf1 c5 22. Nd6 Rf8 23. Bf5 Qe7 24. Ng3 cxd4 25. Qxd4 Nxe5 26. Qxe5 Qxd6 27. Qe2 Rde8 28. Qd1 Qc5+ 29. Kh2 Ne3 30. Rxe3 Qxe3 31. Qh5 g6 32. Qg4 Qe5 33. Bxe6 Rxe6 34. Kh1 h5 35. Qf3 Kg7 36. Rf2 Rf6 0-1

[Event "Titled Tuesday intern op 24th Sep Early"]
[Site "Chess.com INT"]
[Date "2024.09.24"]
[Round "6"]
[White "Yeremyan, Alen"]
[Black "Bambino Filho, Antonio Carlos"]
[Result "1-0"]
[WhiteElo "2268"]
[BlackElo "2168"]
[PlyCount "65"]
[EventDate "2024.09.24"]
[EventType "swiss (blitz)"]
[EventRounds "11"]
[EventCountry "USA"]
[SourceTitle "EXT 2025"]
[Source "ChessBase"]
[SourceDate "2024.10.14"]
[SourceVersion "1"]
[SourceVersionDate "2024.10.14"]
[SourceQuality "1"]

1. e4 c5 2. Nc3 Nc6 3. Bb5 Nd4 4. Bc4 e6 5. Nge2 Nc6 6. 0-0 d6 7. d4 cxd4 8. Nxd4 Nf6 9. Nxc6 bxc6 10. Qe2 d5 11. Bd3 Be7 12. b3 0-0 13. Bb2 c5 14. Rad1 d4 15. Na4 e5 16. Bc1 Be6 17. Nb2 Nd7 18. Nc4 f6 19. f4 Qc7 20. f5 Bf7 21. g4 Nb6 22. h4 a5 23. g5 a4 24. g6 Bxc4 25. bxc4 h6 26. Qh5 Rfc8 27. Bxh6 gxh6 28. g7 Bd6 29. Kh1 Kxg7 30. Rg1+ Kf8 31. Qxh6+ Ke7 32. Rg7+ Kd8 33. Qh8+ 1-0

[Event "Titled Tuesday intern op 17th Sep Early"]
[Site "Chess,com INT"]
[Date "2024.09.17"]
[Round "1"]
[White "Momunaliev, Ruslan"]
[Black "Yeremyan, Alen"]
[Result "0-1"]
[WhiteElo "2019"]
[BlackElo "2268"]
[PlyCount "50"]
[EventDate "2024.09.17"]
[EventType "swiss (blitz)"]
[EventRounds "11"]
[EventCountry "USA"]
[SourceTitle "EXT 2025"]
[Source "ChessBase"]
[SourceDate "2024.10.14"]
[SourceVersion "1"]
[SourceVersionDate "2024.10.14"]
[SourceQuality "1"]

1. g3 Nf6 2. Bg2 d5 3. f4 c5 4. Nf3 Nc6 5. 0-0 Bf5 6. d3 d4 7. Na3 e6 8. e4 dxe3 9. Bxe3 Ng4 10. Qe2 Be7 11. Rad1 Nxe3 12. Qxe3 0-0 13. c3 Qa5 14. Ne5 Nxe5 15. fxe5 Rad8 16. Bxb7 Qb6 17. Be4 Qxb2 18. Nc4 Qxc3 19. Bxf5 exf5 20. Rxf5 Rd4 21. e6 f6 22. Kf2 Rfd8 23. Ke2 Rxc4 24. Rh5 Qb2+ 25. Rd2 Rc2 0-1

[Event "Titled Tuesday intern op 17th Sep Early"]
[Site "Chess,com INT"]
[Date "2024.09.17"]
[Round "2"]
[White "Yeremyan, Alen"]
[Black "Orzech, Dominik"]
[Result "1-0"]
[WhiteElo "2268"]
[BlackElo "2248"]
[PlyCount "67"]
[EventDate "2024.09.17"]
[EventType "swiss (blitz)"]
[EventRounds "11"]
[EventCountry "USA"]
[SourceTitle "EXT 2025"]
[Source "ChessBase"]
[SourceDate "2024.10.14"]
[SourceVersion "1"]
[SourceVersionDate "2024.10.14"]
[SourceQuality "1"]

1. e4 c5 2. Nc3 g6 3. d4 cxd4 4. Qxd4 Nf6 5. e5 Nc6 6. Qf4 Nh5 7. Qe3 d6 8. exd6 Qxd6 9. Nf3 Bg7 10. Bc4 0-0 11. 0-0 Bf5 12. Ne4 Qb4 13. Bd3 Rfd8 14. Bd2 Qxb2 15. Rab1 Qxa2 16. Rxb7 Rab8 17. Rc7 Rdc8 18. Rxc8+ Rxc8 19. Nh4 Be6 20. Nf3 Nf6 21. Nc3 Qa3 22. Nb5 Qa4 23. Rb1 Rb8 24. Qc5 Bd7 25. Re1 a6 26. Na7 Nxa7 27. Qxa7 Rc8 28. Rxe7 Bb5 29. Rxf7 Qa1+ 30. Ne1 Bf8 31. Bxb5 Re8 32. Bf1 Rxe1 33. Bxe1 Qxe1 34. Rxf6 1-0

[Event "Titled Tuesday intern op 10th Sep Early"]
[Site "Chess,com INT"]
[Date "2024.09.10"]
[Round "6"]
[White "Caruana, Fabiano"]
[Black "Yeremyan, Alen"]
[Result "1-0"]
[WhiteElo "2798"]
[BlackElo "2268"]
[PlyCount "145"]
[EventDate "2024.09.10"]
[EventType "swiss (blitz)"]
[EventRounds "11"]
[EventCountry "USA"]
[SourceTitle "EXT 2025"]
[Source "ChessBase"]
[SourceDate "2024.10.14"]
[SourceVersion "1"]
[SourceVersionDate "2024.10.14"]
[SourceQuality "1"]

1. e4 c5 2. Nf3 Nc6 3. Bb5 e6 4. Bxc6 bxc6 5. d3 Ne7 6. Nc3 d6 7. e5 Ng6 8. exd6 Bxd6 9. Ne4 0-0 10. 0-0 e5 11. Nfd2 Be6 12. Nxd6 Qxd6 13. Ne4 Qd5 14. b3 f5 15. Nc3 Qd4 16. Bb2 Bd5 17. Nxd5 Qxd5 18. Qe1 Rae8 19. f3 Nf4 20. Qe3 Qd6 21. Rae1 Qg6 22. g3 Nd5 23. Qxc5 f4 24. Bxe5 Ne3 25. Rxe3 fxe3 26. Qxe3 Qf5 27. f4 Kh8 28. Rf2 h5 29. Qxa7 Rf7 30. Qe3 h4 31. Qe4 Qg4 32. Qe2 Rxf4 33. Qxg4 Rxg4 34. d4 h3 35. Rf4 Rxf4 36. gxf4 Kh7 37. a4 Kg6 38. Kf2 Kf5 39. Kg3 g5 40. fxg5 c5 41. c3 Re7 42. a5 Rb7 43. Bf6 Rxb3 44. dxc5 Ra3 45. Kxh3 Rxa5 46. Kg3 Rxc5 47. h4 Rc4 48. h5 Rg4+ 49. Kf3 Re4 50. h6 Rh4 51. Ke3 Ke6 52. c4 Kd6 53. Kf3 Ke6 54. Kg3 Rh1 55. c5 Kf7 56. c6 Kg6 57. c7 Rc1 58. Bd8 Rc4 59. Kf3 Kf5 60. Ke3 Kg6 61. Kd3 Rc1 62. Kd4 Rc2 63. Kd5 Rc1 64. Kd6 Rc2 65. Kd7 Rd2+ 66. Kc8 Rb2 67. Bf6 Rd2 68. Be7 Rd1 69. Kb7 Rb1+ 70. Kc6 Rc1+ 71. Bc5 Rf1 72. c8Q Rf8 73. Qxf8 1-0

[Event "Titled Tuesday intern op 10th Sep Early"]
[Site "Chess,com INT"]
[Date "2024.09.10"]
[Round "2"]
[White "Martinez Pla, Xavier"]
[Black "Yeremyan, Alen"]
[Result "0-1"]
[WhiteElo "2261"]
[BlackElo "2268"]
[PlyCount "80"]
[EventDate "2024.09.10"]
[EventType "swiss (blitz)"]
[EventRounds "11"]
[EventCountry "USA"]
[SourceTitle "EXT 2025"]
[Source "ChessBase"]
[SourceDate "2024.10.14"]
[SourceVersion "1"]
[SourceVersionDate "2024.10.14"]
[SourceQuality "1"]

1. e4 c5 2. Nf3 Nc6 3. Bc4 e6 4. 0-0 a6 5. d4 cxd4 6. Nxd4 Qc7 7. Nxc6 bxc6 8. Qe2 Ne7 9. e5 Ng6 10. f4 Bc5+ 11. Kh1 h5 12. Nc3 Nh4 13. Bd3 Nf5 14. Bxf5 exf5 15. Be3 Be7 16. Rad1 g6 17. Qf2 Qa5 18. a3 Rb8 19. Bd4 0-0 20. Rb1 Qc7 21. Bc5 d6 22. exd6 Bxd6 23. Bd4 Be6 24. b4 h4 25. Qxh4 f6 26. Bxf6 Qh7 27. Qxh7+ Kxh7 28. Be5 Bxe5 29. fxe5 g5 30. g3 f4 31. gxf4 gxf4 32. Rbd1 Rbe8 33. Rd4 f3 34. Ne4 Kg6 35. c4 Bh3 36. Rf2 Rxe5 37. Kg1 Rf4 38. Rd6+ Kg7 39. Rd4 Rg4+ 40. Kh1 Rgxe4 0-1

[Event "Titled Tuesday intern op 10th Sep Early"]
[Site "Chess,com INT"]
[Date "2024.09.10"]
[Round "9"]
[White "Rakhmatullaev, Almas"]
[Black "Yeremyan, Alen"]
[Result "1-0"]
[WhiteElo "2410"]
[BlackElo "2268"]
[PlyCount "151"]
[EventDate "2024.09.10"]
[EventType "swiss (blitz)"]
[EventRounds "11"]
[EventCountry "USA"]
[SourceTitle "EXT 2025"]
[Source "ChessBase"]
[SourceDate "2024.10.14"]
[SourceVersion "1"]
[SourceVersionDate "2024.10.14"]
[SourceQuality "1"]

1. e4 c5 2. Nf3 Nc6 3. Bb5 e6 4. 0-0 Nge7 5. Re1 a6 6. Bf1 d5 7. exd5 Nxd5 8. d4 Nf6 9. Be3 cxd4 10. Nxd4 Nxd4 11. Bxd4 Be7 12. Nc3 0-0 13. Qd2 b5 14. Rad1 Bb7 15. Qf4 Qc8 16. Bd3 Rd8 17. a3 Qb8 18. Be5 Qa7 19. h3 Rac8 20. Ne2 Qa8 21. Qg3 Nh5 22. Qg4 Nf6 23. Qg5 h6 24. Qg3 Nh5 25. Qg4 Nf6 26. Bxf6 Bxf6 27. Nf4 Bxb2 28. Rxe6 Rxd3 29. Rxd3 fxe6 30. Qxe6+ Kh8 31. Ng6+ Kh7 32. Ne7 Bf6 33. Qf5+ Kh8 34. Ng6+ Kg8 35. Rd7 Re8 36. Nf4 Bc8 37. Nh5 Re1+ 38. Kh2 Be5+ 39. f4 Bxd7 40. Qxd7 Qb8 41. Qe6+ Kh8 42. Qg4 Bf6 43. Nxf6 gxf6 44. Qh4 Re7 45. Qxh6+ Kg8 46. Qg6+ Rg7 47. Qxf6 Qf8 48. Qh4 Qe7 49. Qh5 Qf6 50. Qe8+ Kh7 51. Qh5+ Qh6 52. Qf5+ Qg6 53. Qd5 Qg3+ 54. Kg1 Qe3+ 55. Kh1 Qc1+ 56. Kh2 Qxf4+ 57. Kg1 Rf7 58. Qd3+ Kg7 59. Qc3+ Rf6 60. Qd3 Qf2+ 61. Kh2 Qf5 62. Qg3+ Rg6 63. Qc7+ Kh6 64. Qc3 Qf4+ 65. Kg1 Qg3 66. Qh8+ Kg5 67. Qd8+ Kf5 68. Qd5+ Kf6 69. Qc6+ Ke7 70. Qb7+ Kd8 71. Qd5+ Kc8 72. Qc5+ Qc7 73. Qf8+ Qd8 74. Qf5+ Qd7 75. Qxg6 Qd4+ 76. Kh2 1-0

[Event "Titled Tuesday intern op 10th Sep Early"]
[Site "Chess,com INT"]
[Date "2024.09.10"]
[Round "10"]
[White "Yeremyan, Alen"]
[Black "Otero Marino, Alain"]
[Result "0-1"]
[WhiteElo "2268"]
[BlackElo "2286"]
[PlyCount "188"]
[EventDate "2024.09.10"]
[EventType "swiss (blitz)"]
[EventRounds "11"]
[EventCountry "USA"]
[SourceTitle "EXT 2025"]
[Source "ChessBase"]
[SourceDate "2024.10.14"]
[SourceVersion "1"]
[SourceVersionDate "2024.10.14"]
[SourceQuality "1"]

1. e4 e5 2. Nf3 Nc6 3. d4 exd4 4. Nxd4 Nf6 5. Nxc6 bxc6 6. Bd3 d5 7. exd5 cxd5 8. 0-0 Be7 9. h3 0-0 10. Qf3 c6 11. Nc3 h6 12. b3 Be6 13. Na4 Nd7 14. Bb2 Bf6 15. Bxf6 Qxf6 16. Qxf6 Nxf6 17. Nc5 Nd7 18. Nxd7 Bxd7 19. b4 a5 20. a3 Rfb8 21. c3 Kf8 22. Rfb1 Ke7 23. Kf1 Kd6 24. Ke2 c5 25. bxc5+ Kxc5 26. Kd2 Be6 27. g4 d4 28. f4 a4 29. f5 Bb3 30. Re1 dxc3+ 31. Kxc3 Rc8 32. h4 Rab8 33. g5 hxg5 34. hxg5 Kd5+ 35. Kd2 Rh8 36. Rh1 Kd4 37. Rag1 Ke5 38. Ke3 Bd5 39. Rxh8 Rxh8 40. Rg4 Bc6 41. Rb4 Rh3+ 42. Kd2 Rh2+ 43. Kc1 Ra2 44. Bc4 Rxa3 45. Bxf7 Kxf5 46. g6 Ke5 47. Rb6 Bd7 48. Rb7 Kd6 49. Ra7 Re3 50. Ra6+ Kc5 51. Ra7 Bb5 52. Bg8 a3 53. Rxg7 Re1+ 54. Kd2 Rg1 55. Ke3 Re1+ 56. Kf2 Rf1+ 57. Kg2 Rf6 58. Kh2 Kb4 59. Kg3 Ra6 60. Ba2 Kc3 61. Rc7+ Kb2 62. g7 Rg6+ 63. Kf4 Kxa2 64. Rc5 Bd3 65. Rd5 Bb1 66. Rd7 Ka1 67. Rb7 a2 68. Ke5 Rg1 69. Kd4 Bh7 70. Kc3 Rc1+ 71. Kd2 Rb1 72. Re7 Rb8 73. Kc3 Rc8+ 74. Kb3 Bc2+ 75. Ka3 Ra8+ 76. Kb4 Kb2 77. Ra7 Rb8+ 78. Kc5 a1Q 79. Rc7 Qa5+ 80. Kd6 Rb6+ 81. Kd7 Bf5+ 82. Ke8 Qe5+ 83. Re7 Re6 84. g8N Rxe7+ 85. Nxe7 Be6 86. Kf8 Qf6+ 87. Ke8 Qf7+ 88. Kd8 Qf8+ 89. Kc7 Qxe7+ 90. Kb6 Qd6+ 91. Kb5 Qc7 92. Ka4 Qb8 93. Ka5 Kc3 94. Ka4 Qb4# 0-1

[Event "Titled Tuesday intern op 03rd Sep Early"]
[Site "Chess.com INT"]
[Date "2024.09.03"]
[Round "10"]
[White "Yeremyan, Alen"]
[Black "Ganzhurov, Roman"]
[Result "1-0"]
[WhiteElo "2268"]
[BlackElo "2083"]
[PlyCount "57"]
[EventDate "2024.09.03"]
[EventType "swiss (blitz)"]
[EventRounds "11"]
[EventCountry "USA"]
[SourceTitle "EXT 2025"]
[Source "ChessBase"]
[SourceDate "2024.10.14"]
[SourceVersion "1"]
[SourceVersionDate "2024.10.14"]
[SourceQuality "1"]

1. e4 c5 2. Nc3 d6 3. d4 cxd4 4. Qxd4 Nc6 5. Qd2 Nf6 6. b3 e6 7. Bb2 d5 8. exd5 exd5 9. 0-0-0 Be6 10. Kb1 Be7 11. Bd3 0-0 12. Nge2 Qa5 13. Nb5 Qb6 14. Nbd4 Nb4 15. Bf5 Bc5 16. a3 Na6 17. f3 Rfe8 18. Rhe1 Nc7 19. Nf4 Rad8 20. Ndxe6 fxe6 21. Nxe6 Nxe6 22. Bxf6 gxf6 23. Qh6 Ng5 24. h4 Rxe1 25. Rxe1 Bf8 26. Qh5 Qa5 27. Rd1 d4 28. Bxh7+ Kg7 29. Qg6+ 1-0

[Event "Titled Tuesday intern op 03rd Sep Early"]
[Site "Chess.com INT"]
[Date "2024.09.03"]
[Round "9"]
[White "Yeremyan, Alen"]
[Black "Korchmar, Vasiliy"]
[Result "0-1"]
[WhiteElo "2268"]
[BlackElo "2429"]
[PlyCount "86"]
[EventDate "2024.09.03"]
[EventType "swiss (blitz)"]
[EventRounds "11"]
[EventCountry "USA"]
[SourceTitle "EXT 2025"]
[Source "ChessBase"]
[SourceDate "2024.10.14"]
[SourceVersion "1"]
[SourceVersionDate "2024.10.14"]
[SourceQuality "1"]

1. e4 c5 2. Nc3 d6 3. d4 cxd4 4. Qxd4 Nc6 5. Qd2 g6 6. b3 Bh6 7. f4 Nf6 8. Bb2 0-0 9. 0-0-0 a5 10. a4 Nb4 11. Kb1 Qb6 12. h3 Be6 13. g4 Bg7 14. f5 Bd7 15. Nf3 Rfc8 16. Bd3 Rc7 17. Rhe1 Rac8 18. e5 dxe5 19. Nxe5 Be8 20. Nc4 Qa7 21. Bf1 Bc6 22. Nb5 Bxb5 23. axb5 Rd7 24. b6 Qa8 25. Qe2 Rxd1+ 26. Rxd1 a4 27. Qxe7 Nfd5 28. Rxd5 Nxd5 29. Qd7 axb3 30. Qxd5 Qa2+ 31. Kc1 Bxb2+ 32. Kd2 Bc1+ 33. Ke1 Qxc2 34. Nd6 Qd2+ 35. Qxd2 Bxd2+ 36. Kd1 b2 37. Bd3 Rd8 38. Ne4 Rxd3 39. Kc2 Rd4 40. Nf6+ Kg7 41. Ne8+ Kf8 42. Nc7 Bc1 43. Kb1 Ra4 0-1

[Event "Titled Tuesday intern op 27th Aug Early"]
[Site "Chess.com INT"]
[Date "2024.08.27"]
[Round "7"]
[White "Shimanov, Aleksandr"]
[Black "Yeremyan, Alen"]
[Result "1/2-1/2"]
[WhiteElo "2582"]
[BlackElo "2279"]
[PlyCount "166"]
[EventDate "2024.08.27"]
[EventType "swiss (blitz)"]
[EventRounds "11"]
[EventCountry "USA"]
[SourceTitle "EXT 2025"]
[Source "ChessBase"]
[SourceDate "2024.10.14"]
[SourceVersion "1"]
[SourceVersionDate "2024.10.14"]
[SourceQuality "1"]

1. Nf3 Nf6 2. c4 g6 3. Nc3 Bg7 4. e4 c5 5. d4 cxd4 6. Nxd4 0-0 7. Be2 d6 8. Be3 Nc6 9. 0-0 Nxd4 10. Bxd4 a5 11. Qc2 Bd7 12. Rad1 Bc6 13. c5 Qc8 14. cxd6 exd6 15. Bf3 Qe6 16. Rfe1 Rfe8 17. h3 a4 18. a3 Rac8 19. Qd2 Qc4 20. Qf4 Nh5 21. Qe3 Nf6 22. Qd3 Qb3 23. Qb1 Qc4 24. Be2 Qb3 25. Bd3 Nd7 26. Bc2 Qc4 27. Bxg7 Kxg7 28. Rxd6 Nc5 29. Qd1 Bxe4 30. Bxa4 Nxa4 31. Qxa4 Qxa4 32. Nxa4 Bc6 33. Rxe8 Rxe8 34. Nc3 Re1+ 35. Kh2 Rc1 36. Rd2 Kf6 37. Kg3 h5 38. h4 Kf5 39. f3 f6 40. Ne2 Ke5 41. Nf4 Kf5 42. Re2 Rd1 43. Ne6 g5 44. Nc5 gxh4+ 45. Kxh4 Rh1+ 46. Kg3 h4+ 47. Kf2 h3 48. gxh3 Rxh3 49. Re3 Rh2+ 50. Kg3 Rxb2 51. Ne6 Rd2 52. Nf4 Ra2 53. Nh3 Rd2 54. Nf2 Kg5 55. Nh3+ Kf5 56. Nf4 Kg5 57. Nd3 f5 58. f4+ Kf6 59. Ne5 Rg2+ 60. Kh3 Rg1 61. Rc3 Be4 62. Rb3 Rf1 63. Rb6+ Ke7 64. Kg3 Kd8 65. Rb3 Kc7 66. Rc3+ Kb6 67. Nd7+ Ka5 68. Nc5 Bc6 69. Ne6 Rg1+ 70. Kf2 Rg2+ 71. Ke3 Rg3+ 72. Kd4 Rxc3 73. Kxc3 Ka4 74. Kb2 Be4 75. Nd4 b5 76. Ne6 b4 77. Nc5+ Kb5 78. axb4 Kxb4 79. Ne6 Kc4 80. Ng7 Kd3 81. Nxf5 Bxf5 82. Ka3 Ke4 83. Kb4 Kxf4 1/2-1/2

[Event "Titled Tuesday intern op 27th Aug Early"]
[Site "Chess.com INT"]
[Date "2024.08.27"]
[Round "4"]
[White "Yeremyan, Alen"]
[Black "Bruhovich, Olexandr"]
[Result "1-0"]
[WhiteElo "2279"]
[BlackElo "2208"]
[PlyCount "71"]
[EventDate "2024.08.27"]
[EventType "swiss (blitz)"]
[EventRounds "11"]
[EventCountry "USA"]
[SourceTitle "EXT 2025"]
[Source "ChessBase"]
[SourceDate "2024.10.14"]
[SourceVersion "1"]
[SourceVersionDate "2024.10.14"]
[SourceQuality "1"]

1. e4 c5 2. Nc3 b6 3. d4 cxd4 4. Qxd4 Bb7 5. Qd2 Nf6 6. e5 Ng8 7. b3 Nc6 8. Nf3 g6 9. Bb2 Bg7 10. Ne4 Nh6 11. 0-0-0 0-0 12. h3 Qc7 13. Qf4 f6 14. Qd2 Nxe5 15. Nxe5 fxe5 16. Ng5 Rad8 17. f3 e6 18. Ba3 Rfe8 19. Bd6 Qc6 20. g4 Nf7 21. Nxf7 Kxf7 22. a4 a6 23. h4 Bf8 24. Bxf8 Rxf8 25. h5 Qxf3 26. hxg6+ hxg6 27. Rh7+ Kg8 28. Rxd7 Bd5 29. Bg2 Qxg2 30. Qxg2 Bxg2 31. Rxd8 e4 32. Rxf8+ Kxf8 33. Kd2 Ke7 34. Ke3 Kf6 35. Rd6 Kg5 36. Rxe6 1-0

[Event "Abu Dhabi op-B 30th"]
[Site "Abu Dhabi"]
[Date "2024.08.23"]
[Round "8"]
[White "Barretto, Franz"]
[Black "Yeremyan, Alen"]
[Result "0-1"]
[WhiteElo "2101"]
[BlackElo "2279"]
[PlyCount "84"]
[EventDate "2024.08.15"]
[EventType "swiss"]
[EventRounds "9"]
[EventCountry "UAE"]
[SourceTitle "EXT 2025"]
[Source "ChessBase"]
[SourceDate "2024.10.14"]
[SourceVersion "1"]
[SourceVersionDate "2024.10.14"]
[SourceQuality "1"]

1. d4 Nf6 2. c4 g6 3. Nc3 d5 4. cxd5 Nxd5 5. e4 Nxc3 6. bxc3 Bg7 7. Bb5+ c6 8. Ba4 0-0 9. Ne2 a5 10. h4 b5 11. Bb3 a4 12. Bc2 c5 13. h5 cxd4 14. hxg6 fxg6 15. cxd4 Nc6 16. e5 Qa5+ 17. Bd2 Qb6 18. Be3 Nb4 19. Be4 Bb7 20. Bxb7 Qxb7 21. 0-0 Nd5 22. Qd3 b4 23. Rab1 Qa6 24. Qxa6 Rxa6 25. Bd2 Rc6 26. Bxb4 Rc2 27. Ng3 Rxa2 28. Bc5 Ra8 29. Rb7 a3 30. Rfb1 Bf8 31. R7b3 Bh6 32. Nf1 Kf7 33. Rh3 Kg7 34. Rbb3 Bc1 35. Rb7 Rb2 36. Rd7 a2 37. Bxe7 Kg8 38. Bf6 h6 39. Rxd5 a1Q 40. Rd7 Bf4 41. g3 Rxf2 42. Kxf2 Ra2+ 0-1

[Event "Abu Dhabi op-B 30th"]
[Site "Abu Dhabi"]
[Date "2024.08.18"]
[Round "3"]
[White "Kabinazar, Nurmukhammed"]
[Black "Yeremyan, Alen"]
[Result "0-1"]
[WhiteElo "2002"]
[BlackElo "2279"]
[PlyCount "67"]
[EventDate "2024.08.15"]
[EventType "swiss"]
[EventRounds "9"]
[EventCountry "UAE"]
[SourceTitle "EXT 2025"]
[Source "ChessBase"]
[SourceDate "2024.10.14"]
[SourceVersion "1"]
[SourceVersionDate "2024.10.14"]
[SourceQuality "1"]

1. e4 c5 2. Nf3 Nc6 3. Bb5 e6 4. Bxc6 bxc6 5. b3 d6 6. e5 Ne7 7. exd6 Nf5 8. Nc3 Bxd6 9. 0-0 0-0 10. d3 f6 11. Na4 Nd4 12. Nd2 Qc7 13. h3 e5 14. Ne4 f5 15. Nxd6 Qxd6 16. Ba3 f4 17. Bxc5 Qg6 18. Kh2 f3 19. g4 Rf4 20. Bxd4 exd4 21. Rg1 Qd6 22. Rg3 Be6 23. Qd2 Raf8 24. Kg1 R4f7 25. c4 Bc8 26. b4 Re8 27. Nc5 Re2 28. Qd1 Qf4 29. Ne4 Re7 30. Nc5 Rxf2 31. Kxf2 Re2+ 32. Qxe2 fxe2+ 33. Kg2 Qd2 34. Ne4 0-1

[Event "Titled Tuesday intern op 06th Aug Early"]
[Site "Chess.com INT"]
[Date "2024.08.06"]
[Round "4"]
[White "Rosh, Jain"]
[Black "Yeremyan, Alen"]
[Result "0-1"]
[WhiteElo "2131"]
[BlackElo "2279"]
[PlyCount "62"]
[EventDate "2024.08.06"]
[EventType "swiss (blitz)"]
[EventRounds "11"]
[EventCountry "USA"]
[SourceTitle "EXT 2025"]
[Source "ChessBase"]
[SourceDate "2024.10.14"]
[SourceVersion "1"]
[SourceVersionDate "2024.10.14"]
[SourceQuality "1"]

1. e4 Nf6 2. Nc3 d5 3. exd5 Nxd5 4. Nxd5 Qxd5 5. Nf3 g6 6. d4 Bg7 7. Be2 0-0 8. 0-0 b6 9. c3 Bb7 10. Bf4 c5 11. dxc5 Qxc5 12. Re1 Nc6 13. Qb3 Rad8 14. Rad1 Na5 15. Qc2 Nc4 16. Bg3 e6 17. Bxc4 Qxc4 18. Ne5 Qxa2 19. Nd7 Rfe8 20. Bh4 Rc8 21. Nf6+ Bxf6 22. Bxf6 Qc4 23. Rd4 Qc6 24. f4 e5 25. fxe5 Qxf6 26. exf6 Rxe1+ 27. Kf2 Re6 28. Qd2 Rxf6+ 29. Kg1 Ba6 30. Rd8+ Kg7 31. Rxc8 Rf1# 0-1

[Event "Titled Tuesday intern op 06th Aug Early"]
[Site "Chess.com INT"]
[Date "2024.08.06"]
[Round "1"]
[White "Yeremyan, Alen"]
[Black "Senft, Sean"]
[Result "1-0"]
[WhiteElo "2279"]
[BlackElo "2054"]
[PlyCount "77"]
[EventDate "2024.08.06"]
[EventType "swiss (blitz)"]
[EventRounds "11"]
[EventCountry "USA"]
[SourceTitle "EXT 2025"]
[Source "ChessBase"]
[SourceDate "2024.10.14"]
[SourceVersion "1"]
[SourceVersionDate "2024.10.14"]
[SourceQuality "1"]

1. e4 c5 2. Nc3 d6 3. g3 g6 4. d4 cxd4 5. Qxd4 Nf6 6. Bg2 Bg7 7. Nge2 0-0 8. 0-0 Nbd7 9. Qd2 b6 10. b3 Bb7 11. Rb1 Rc8 12. Bb2 Qc7 13. Rfc1 Qb8 14. Nd5 Rfe8 15. c4 Nxd5 16. Bxg7 Kxg7 17. exd5 b5 18. cxb5 Nf6 19. Qd4 Rxc1+ 20. Rxc1 Qa8 21. Nf4 Rc8 22. Rc4 g5 23. Nh5+ Kg6 24. Nxf6 exf6 25. h4 Re8 26. h5+ Kg7 27. h6+ Kg6 28. Be4+ Rxe4 29. Qxe4+ f5 30. Qd4 Bxd5 31. Qg7+ Kh5 32. f4 Qd8 33. Qxg5+ Qxg5 34. fxg5 Bxc4 35. bxc4 Kxg5 36. a4 Kf6 37. a5 Ke7 38. b6 a6 39. b7 1-0